000
00384nam a2200145Ia 4500
008
100122s9999 xx 000 0 und d
082
_b
5745
_a
823
100
_a
रणदिवे रत्नप्रभा
245
_a
पुर्णिमा
260
_c
1924
300
_a
100
630
_a
पुर्णिमा
730
_a
पुर्णिमा
942
_c
BOOK
999
_c
398962
_d
398959